| 000 | 02478cam a22003734a 4500 | ||
|---|---|---|---|
| 001 | 15215400 | ||
| 005 | 20090831120729.0 | ||
| 008 | 080310s2009 maua b 001 0 eng | ||
| 010 | _a 2008011086 | ||
| 016 | 7 |
_a101468211 _2DNLM |
|
| 020 | _a0763751103 (pbk.) | ||
| 020 | _a9780763751104 (pbk.) | ||
| 035 | _a(OCoLC)ocn213379662 | ||
| 035 | _a(OCoLC)213379662 | ||
| 040 |
_aDNLM/DLC _cDLC _dDLC |
||
| 050 | 0 | 0 |
_aRT85 _b.G73 2009 |
| 060 | 1 | 0 |
_aWY 85 _bG729n 2009 |
| 082 | 0 | 0 |
_a174.2 _222 _bGRA |
| 100 | 1 |
_aGrace, Pamela June. _923550 |
|
| 245 | 1 | 0 |
_aNursing Ethics and Professional Responsibility in Advanced Practice / _cPamela J. Grace. |
| 260 |
_aBoston : _bJones and Bartlett Publishers, 2009 _cc2009. |
||
| 300 |
_axvii, 428 p. : _bill. ; _c23 cm. |
||
| 504 | _aIncludes bibliographical references and index. | ||
| 505 | 0 | _aPhilosophical foundations of applied and professional ethics / Pamela J. Grace -- Nursing ethics / Pamela J. Grace -- Advanced practice nursing: general ethical concerns / Pamela J. Grace -- Professional responsibility, human rights, and injustice / Pamela J. Grace -- Collaborative relationships: promoting patient good / Deborah Giambanco -- Research ethics: advanced practice roles and responsibilities / Pamela J. Grace -- Nursing ethics and advanced practice: neonatal issues / Peggy Doyle Settle -- Nursing ethics and advanced practice: children and adolescents / Nan Gaylord -- Nursing ethics and advanced practice: women's health / Katharine T. Smith -- Nursing ethics and advanced practice: adult health / Jane Flanagan -- Nursing ethics and advanced practice: psychiatric and mental health issues / Pamela J. Grace and Pamela A. Terreri -- Nursing ethics and nurse anesthesia practice / Gregory Sheedy -- Nursing ethics and advanced practice: gerontology and end-of-life issues / Pamela J. Grace. | |
| 650 | 0 |
_aNursing ethics. _923551 |
|
| 650 | 0 |
_aNurse practitioners. _923552 |
|
| 650 | 1 | 2 |
_aEthics, Nursing _zUnited States. _923553 |
| 650 | 2 | 2 |
_aNurses _xethics _zUnited States. _923554 |
| 653 |
_bNUR _cApril2011 |
||
| 856 | 4 | 1 |
_3Table of contents only _uhttp://www.loc.gov/catdir/toc/ecip0813/2008011086.html |
| 942 |
_2ddc _cBB |
||
| 999 |
_c15233 _d15233 |
||